<?xml version="1.0" encoding="UTF-8"?>
<record
    xmlns:xsi="http://www.w3.org/2001/XMLSchema-instance"
    xsi:schemaLocation="http://www.loc.gov/MARC21/slim http://www.loc.gov/standards/marcxml/schema/MARC21slim.xsd"
    xmlns="http://www.loc.gov/MARC21/slim">

  <leader>00527nam a22001457a 4500</leader>
  <datafield tag="020" ind1=" " ind2=" ">
    <subfield code="a">9789699290091</subfield>
  </datafield>
  <datafield tag="082" ind1=" " ind2=" ">
    <subfield code="a">297.4</subfield>
    <subfield code="b">BAH</subfield>
  </datafield>
  <datafield tag="100" ind1=" " ind2=" ">
    <subfield code="a">Bahu, Sultan</subfield>
  </datafield>
  <datafield tag="245" ind1=" " ind2=" ">
    <subfield code="a">Kalid Tauheed (Khurd), Majalis un Nabi, Risala e Ruhi Sharif /</subfield>
    <subfield code="c">Sultan Bahu and Translated by Syed Ameer Khan Niazi</subfield>
  </datafield>
  <datafield tag="260" ind1=" " ind2=" ">
    <subfield code="a">Lahore :</subfield>
    <subfield code="b">Al-Arifeen Publications,</subfield>
    <subfield code="c">2018.</subfield>
  </datafield>
  <datafield tag="300" ind1=" " ind2=" ">
    <subfield code="a">174 p. ;</subfield>
    <subfield code="c">22 cm.</subfield>
  </datafield>
  <datafield tag="563" ind1=" " ind2=" ">
    <subfield code="a">HBK.</subfield>
  </datafield>
  <datafield tag="880" ind1=" " ind2=" ">
    <subfield code="6">245-02\r</subfield>
    <subfield code="a">&#x6A9;&#x644;&#x6CC;&#x62F; &#x627;&#x644;&#x62A;&#x648;&#x62D;&#x6CC;&#x62F;&#x60C; &#x645;&#x62C;&#x627;&#x644;&#x633;&#x6C1; &#x627;&#x644;&#x646;&#x628;&#x6CC;&#x60C; &#x631;&#x633;&#x627;&#x644;&#x6C1; &#x631;&#x648;&#x62D;&#x6CC; &#x634;&#x631;&#x6CC;&#x641; /</subfield>
  </datafield>
  <datafield tag="942" ind1=" " ind2=" ">
    <subfield code="2">ddc</subfield>
    <subfield code="c">BK</subfield>
  </datafield>
  <datafield tag="999" ind1=" " ind2=" ">
    <subfield code="c">590290</subfield>
    <subfield code="d">590290</subfield>
  </datafield>
  <datafield tag="952" ind1=" " ind2=" ">
    <subfield code="0">0</subfield>
    <subfield code="1">0</subfield>
    <subfield code="2">ddc</subfield>
    <subfield code="4">0</subfield>
    <subfield code="6">297_400000000000000_BAH</subfield>
    <subfield code="7">0</subfield>
    <subfield code="9">581250</subfield>
    <subfield code="a">CL</subfield>
    <subfield code="b">CL</subfield>
    <subfield code="c">ISL</subfield>
    <subfield code="d">2022-07-13</subfield>
    <subfield code="e">Donated by Muslim Institute </subfield>
    <subfield code="l">0</subfield>
    <subfield code="o">297.4 BAH</subfield>
    <subfield code="p">CL-D-1815</subfield>
    <subfield code="r">2022-07-13</subfield>
    <subfield code="w">2022-07-13</subfield>
    <subfield code="y">BK</subfield>
  </datafield>
</record>
